Ground Covers. A Harrowsmith Gardener`s guide.
Guardat en:
| Altres autors: | , |
|---|---|
| Format: | Llibre |
| Publicat: |
Ontario, Canada:
Camden House Publishing,
1987.
|
| Matèries: | |
| Etiquetes: |
Afegir etiqueta
Sense etiquetes, Sigues el primer a etiquetar aquest registre!
|
MARC
| LEADER | 00000nam a22000007a 4500 | ||
|---|---|---|---|
| 003 | CL-VaPUC | ||
| 005 | 20220915101214.0 | ||
| 008 | 220830t1987 ||||| |||| 00| 0 eng d | ||
| 999 | |c 438572 |d 438570 | ||
| 020 | |a 0-920656-68-4 | ||
| 040 | |c Pontificia Universidad Católica de Valparaíso | ||
| 082 | 7 | |a 635.964 BEN 1987 |2 22 | |
| 100 | 1 | |a Bennett, Jennifer |e editor |9 876103 | |
| 245 | |a Ground Covers. |b A Harrowsmith Gardener`s guide. | ||
| 260 | |a Ontario, Canada: |b Camden House Publishing, |c 1987. | ||
| 300 | |a 96 páginas. | ||
| 500 | |a c.1. Donación Escuela Agronomía. Memo Cur 25/07/2022. | ||
| 583 | |c 20220830 |k Catalogador Asistente | ||
| 650 | |a Cobertura del suelo |x Plantas |9 876271 | ||
| 650 | |a Césped |9 579887 | ||
| 700 | |a Scythes, Marta |9 876104 |e ilustrations | ||
| 942 | |2 ddc |c BK | ||
| 952 | |0 0 |1 0 |2 ddc |4 0 |6 635_964000000000000_BEN_1987 |7 0 |8 A |9 586505 |a BIBAGR |b BIBAGR |c GEN |d 2022-08-30 |e Donación |i 5654466 |l 1 |o 635.964 BEN 1987 |p 5654466 |r 2025-01-20 |s 2022-10-25 |t 1 |w 2022-08-30 |y BK |k AGR | ||